<?xml version="1.0" encoding="UTF-8"?>
<record
    xmlns:xsi="http://www.w3.org/2001/XMLSchema-instance"
    xsi:schemaLocation="http://www.loc.gov/MARC21/slim http://www.loc.gov/standards/marcxml/schema/MARC21slim.xsd"
    xmlns="http://www.loc.gov/MARC21/slim">

  <leader>02519nkc a2200337za 4500</leader>
  <controlfield tag="001">84536</controlfield>
  <controlfield tag="003">OSt</controlfield>
  <controlfield tag="005">20260421095224.0</controlfield>
  <controlfield tag="007">kh boc</controlfield>
  <controlfield tag="008">250410s19021933sp ||||| ||||||0| i|spa d</controlfield>
  <datafield tag="040" ind1=" " ind2=" ">
    <subfield code="c">M-RABA</subfield>
    <subfield code="a">M-RABA</subfield>
    <subfield code="b">spa</subfield>
  </datafield>
  <datafield tag="100" ind1=" " ind2=" ">
    <subfield code="a">G&#xF3;mez Rodr&#xED;guez, Enrique</subfield>
    <subfield code="d">(1867-1934)</subfield>
    <subfield code="9">111179</subfield>
  </datafield>
  <datafield tag="245" ind1="1" ind2="1">
    <subfield code="a">[Iglesia de San Pedro de Villanueva, Cangas de On&#xED;s</subfield>
    <subfield code="b">: &#xE1;bsides, restos del antiguo claustro rom&#xE1;nico, fachada principal, &#xE1;ngulo de la capilla mayor]</subfield>
    <subfield code="c">/ Enrique G&#xF3;mez Rodr&#xED;guez</subfield>
    <subfield code="h">[Material gr&#xE1;fico]</subfield>
  </datafield>
  <datafield tag="260" ind1=" " ind2=" ">
    <subfield code="c">[1902 &#x2013; 1933]</subfield>
  </datafield>
  <datafield tag="300" ind1=" " ind2=" ">
    <subfield code="a">4 fotograf&#xED;as</subfield>
    <subfield code="b">: platinotipo</subfield>
    <subfield code="c">; imagen 16,5 x 12,5 cm</subfield>
    <subfield code="c">; soporte secundario 29 x 22,5 cm</subfield>
  </datafield>
  <datafield tag="500" ind1=" " ind2=" ">
    <subfield code="a">Conjunto de cuatro fotograf&#xED;as que representan diferentes partes de la iglesia de San Pedro de Villanueva, en Cangas de On&#xED;s, Asturias.</subfield>
  </datafield>
  <datafield tag="500" ind1=" " ind2=" ">
    <subfield code="a">Las fotograf&#xED;as est&#xE1;n montadas sobre cart&#xF3;n ilustrado con motivos vegetales de estilo modernista, coloreados y con aplicaciones en dorado.</subfield>
  </datafield>
  <datafield tag="500" ind1=" " ind2=" ">
    <subfield code="a">Identificaci&#xF3;n del autor esta basada en el soporte secundario, ya que pertenece a la misma serie de la signatura Fot-523.</subfield>
  </datafield>
  <datafield tag="500" ind1=" " ind2=" ">
    <subfield code="a">Anotaciones manuscritas a tinta sobre el soporte secundario de cart&#xF3;n, indicando la localizaci&#xF3;n donde fue tomada la fotograf&#xED;a.</subfield>
  </datafield>
  <datafield tag="500" ind1=" " ind2=" ">
    <subfield code="a">Fechas tomadas de los a&#xF1;os de producci&#xF3;n del fot&#xF3;grafo.</subfield>
  </datafield>
  <datafield tag="505" ind1=" " ind2=" ">
    <subfield code="a">Fot-589. "S.Pedro de Villanueva. Restos del antiguo claustro rom&#xE1;nico" -- Fot-590. "S.Pedro de Villanueva. &#xC1;bside" --  Fot-591. "S.Pedro de Villanueva. Fachada principal" -- Fot-592. "S.Pedro de Villanueva. (Cangas de Onis). &#xC1;ngulo de la capilla mayor"</subfield>
  </datafield>
  <datafield tag="610" ind1="2" ind2="7">
    <subfield code="a">Iglesia de San Pedro (Villanueva, Espa&#xF1;a)</subfield>
    <subfield code="9">27023</subfield>
  </datafield>
  <datafield tag="651" ind1=" " ind2="7">
    <subfield code="a">Asturias (Comunidad Aut&#xF3;noma)</subfield>
    <subfield code="2">embne</subfield>
    <subfield code="z">Cangas de On&#xED;s</subfield>
  </datafield>
  <datafield tag="655" ind1=" " ind2="0">
    <subfield code="a">Fotograf&#xED;as de monumentos</subfield>
    <subfield code="9">111580</subfield>
  </datafield>
  <datafield tag="852" ind1=" " ind2=" ">
    <subfield code="j">Fot-589 ; Fot-590 ; Fot-591 ; Fot-592</subfield>
  </datafield>
  <datafield tag="856" ind1=" " ind2=" ">
    <subfield code="3">Fot-589</subfield>
    <subfield code="u">https://archivoybiblioteca.realacademiabellasartessanfernando.com/cgi-bin/koha/opac-retrieve-file.pl?id=0bee1ae23af18ccf7f61eafe0ccf3909</subfield>
  </datafield>
  <datafield tag="856" ind1=" " ind2=" ">
    <subfield code="3">Fot-590</subfield>
    <subfield code="u">https://archivoybiblioteca.realacademiabellasartessanfernando.com/cgi-bin/koha/opac-retrieve-file.pl?id=0cb5d0c2f051473b02e3dc5d5cf89996</subfield>
  </datafield>
  <datafield tag="856" ind1=" " ind2=" ">
    <subfield code="3">Fot-591</subfield>
    <subfield code="u">https://archivoybiblioteca.realacademiabellasartessanfernando.com/cgi-bin/koha/opac-retrieve-file.pl?id=82ea16e2f8e1f968e898b7581cbcdfd4</subfield>
  </datafield>
  <datafield tag="856" ind1=" " ind2=" ">
    <subfield code="3">Fot-592</subfield>
    <subfield code="u">https://archivoybiblioteca.realacademiabellasartessanfernando.com/cgi-bin/koha/opac-retrieve-file.pl?id=4b48d5063184db256217d60f141acb26</subfield>
  </datafield>
  <datafield tag="942" ind1=" " ind2=" ">
    <subfield code="2">ddc</subfield>
    <subfield code="c">FOTOGRAF&#xCD;A</subfield>
    <subfield code="n">0</subfield>
  </datafield>
  <datafield tag="952" ind1=" " ind2=" ">
    <subfield code="0">0</subfield>
    <subfield code="1">0</subfield>
    <subfield code="2">ddc</subfield>
    <subfield code="4">0</subfield>
    <subfield code="7">0</subfield>
    <subfield code="8">FOTOGRAFIA</subfield>
    <subfield code="a">RABASF</subfield>
    <subfield code="b">RABASF</subfield>
    <subfield code="c">DP2</subfield>
    <subfield code="d">2025-04-23</subfield>
    <subfield code="l">0</subfield>
    <subfield code="o">Fot-589</subfield>
    <subfield code="p">1095416</subfield>
    <subfield code="r">2025-04-23 13:42:05</subfield>
    <subfield code="w">2025-04-23</subfield>
    <subfield code="y">FOTOGRAF&#xCD;A</subfield>
  </datafield>
  <datafield tag="952" ind1=" " ind2=" ">
    <subfield code="0">0</subfield>
    <subfield code="1">0</subfield>
    <subfield code="2">ddc</subfield>
    <subfield code="4">0</subfield>
    <subfield code="7">0</subfield>
    <subfield code="8">FOTOGRAFIA</subfield>
    <subfield code="a">RABASF</subfield>
    <subfield code="b">RABASF</subfield>
    <subfield code="c">DP2</subfield>
    <subfield code="d">2026-04-21</subfield>
    <subfield code="l">0</subfield>
    <subfield code="o">Fot-590</subfield>
    <subfield code="p">1097032</subfield>
    <subfield code="r">2026-04-21 09:46:41</subfield>
    <subfield code="w">2026-04-21</subfield>
    <subfield code="y">FOTOGRAF&#xCD;A</subfield>
  </datafield>
  <datafield tag="952" ind1=" " ind2=" ">
    <subfield code="0">0</subfield>
    <subfield code="1">0</subfield>
    <subfield code="2">ddc</subfield>
    <subfield code="4">0</subfield>
    <subfield code="7">0</subfield>
    <subfield code="8">FOTOGRAFIA</subfield>
    <subfield code="a">RABASF</subfield>
    <subfield code="b">RABASF</subfield>
    <subfield code="c">DP2</subfield>
    <subfield code="d">2026-04-21</subfield>
    <subfield code="l">0</subfield>
    <subfield code="o">Fot-591</subfield>
    <subfield code="p">1097033</subfield>
    <subfield code="r">2026-04-21 09:46:41</subfield>
    <subfield code="w">2026-04-21</subfield>
    <subfield code="y">FOTOGRAF&#xCD;A</subfield>
  </datafield>
  <datafield tag="952" ind1=" " ind2=" ">
    <subfield code="0">0</subfield>
    <subfield code="1">0</subfield>
    <subfield code="2">ddc</subfield>
    <subfield code="4">0</subfield>
    <subfield code="7">0</subfield>
    <subfield code="8">FOTOGRAFIA</subfield>
    <subfield code="a">RABASF</subfield>
    <subfield code="b">RABASF</subfield>
    <subfield code="c">DP2</subfield>
    <subfield code="d">2026-04-21</subfield>
    <subfield code="l">0</subfield>
    <subfield code="o">Fot-592</subfield>
    <subfield code="p">1097034</subfield>
    <subfield code="r">2026-04-21 09:46:41</subfield>
    <subfield code="w">2026-04-21</subfield>
    <subfield code="y">FOTOGRAF&#xCD;A</subfield>
  </datafield>
  <datafield tag="999" ind1=" " ind2=" ">
    <subfield code="c">84536</subfield>
    <subfield code="d">84536</subfield>
  </datafield>
</record>
